[Event "Berlin-ch Seniors op 35th"]
[Site "Berlin"]
[Date "2019.02.07"]
[Round "9"]
[White "Pueschel, Werner"]
[Black "Trostel, Uwe"]
[Result "1/2-1/2"]
[WhiteElo "2055"]
[BlackElo "1871"]
[PlyCount "66"]
[EventDate "2019.01.29"]
[EventType "swiss"]
[EventRounds "9"]
[EventCountry "GER"]
[SourceTitle "CBM 189 Extra"]
[Source "ChessBase"]
[SourceDate "2019.06.03"]
[SourceVersion "1"]
[SourceVersionDate "2019.06.03"]
[SourceQuality "1"]

1. e4 c6 2. d4 d5 3. exd5 cxd5 4. Bd3 Nc6 5. c3 Nf6 6. h3 Ne4 7. Nf3 Bf5 8. 0-0 e6 9. Bf4 Bd6 10. Bxd6 Nxd6 11. Bxf5 Nxf5 12. Re1 0-0 13. Nbd2 Rc8 14. Re2 Qd6 15. Qb3 Rc7 16. Rae1 Rfc8 17. Qb5 a6 18. Qd3 g6 19. g4 Ng7 20. Qe3 Ne8 21. Qh6 Qf8 22. Qh4 Qg7 23. Qg3 b5 24. a3 Nf6 25. Ne5 Nxe5 26. Rxe5 Nd7 27. R5e2 Nb6 28. Nb3 Na4 29. Qd6 Rc6 30. Qf4 Qf8 31. Nc1 Qd6 32. Qf3 Nxc3 33. Rc2 Ne2+ 1/2-1/2

[Event "Berlin-ch Seniors op 34th"]
[Site "Berlin"]
[Date "2018.02.05"]
[Round "6"]
[White "Weber, Joerg"]
[Black "Trostel, Uwe"]
[Result "1/2-1/2"]
[WhiteElo "1680"]
[BlackElo "1879"]
[PlyCount "90"]
[EventDate "2018.01.30"]
[EventType "swiss"]
[EventRounds "9"]
[EventCountry "GER"]
[SourceTitle "EXT 2020"]
[Source "ChessBase"]
[SourceDate "2019.10.17"]
[SourceVersion "1"]
[SourceVersionDate "2019.10.17"]
[SourceQuality "1"]

1. b3 d5 2. Bb2 c5 3. e3 Nc6 4. Nf3 e6 5. Bb5 Bd7 6. d3 Nf6 7. Nbd2 Be7 8. 0-0 0-0 9. Bxc6 Bxc6 10. Ne5 Be8 11. f4 Nd7 12. Qg4 f5 13. Qh3 Nxe5 14. Bxe5 Bf6 15. Nf3 Rc8 16. g4 g6 17. Rf2 Rf7 18. Rg2 Qe7 19. g5 Bxe5 20. Nxe5 Rg7 21. Kh1 Bc6 22. d4 c4 23. Rc1 Qa3 24. Rgg1 Qxa2 25. Qg2 cxb3 26. cxb3 Qxg2+ 27. Rxg2 Rgc7 28. Rgc2 a6 29. Nd3 Kf7 30. Kg1 Ke7 31. Ne5 Kd6 32. Nd3 b6 33. Ne5 Be8 34. Rxc7 Rxc7 35. Rxc7 Kxc7 36. Kf2 Bb5 37. Ke1 a5 38. Kd2 Bf1 39. Kc3 b5 40. b4 a4 41. Kb2 Be2 42. h4 Kd6 43. Nf7+ Ke7 44. Ne5 Kd6 45. Nf7+ Ke7 1/2-1/2

[Event "Berlin-ch Seniors op 34th"]
[Site "Berlin"]
[Date "2018.01.31"]
[Round "2"]
[White "Hildebrand, Gerald"]
[Black "Trostel, Uwe"]
[Result "1-0"]
[WhiteElo "2160"]
[BlackElo "1879"]
[PlyCount "69"]
[EventDate "2018.01.30"]
[EventType "swiss"]
[EventRounds "9"]
[EventCountry "GER"]
[SourceTitle "EXT 2020"]
[Source "ChessBase"]
[SourceDate "2019.10.17"]
[SourceVersion "1"]
[SourceVersionDate "2019.10.17"]
[SourceQuality "1"]

1. d4 c6 2. c4 d5 3. e3 Nf6 4. Nc3 e6 5. Nf3 Nbd7 6. Bd3 a6 7. 0-0 dxc4 8. Bxc4 b5 9. Be2 c5 10. e4 Bb7 11. Bg5 Be7 12. e5 Ne4 13. Be3 Nxc3 14. bxc3 0-0 15. Nd2 cxd4 16. Bxd4 Qc7 17. Bf3 Rac8 18. Re1 Rfd8 19. Qe2 Nb6 20. Bxb7 Qxb7 21. Ne4 Nc4 22. Qg4 Kh8 23. Qh5 Kg8 24. Rad1 Nb2 25. Rd2 Nc4 26. Rd3 g6 27. Qh6 f5 28. exf6 Bf8 29. Qh3 e5 30. Ng5 Rd7 31. Qe6+ Kh8 32. Bxe5 Nxe5 33. Rxd7 Qxd7 34. Qxe5 Bd6 35. Qxd6 1-0

[Event "GER-chB Seniors 29th"]
[Site "Berlin"]
[Date "2017.08.11"]
[Round "4"]
[White "Schefter, Juergen"]
[Black "Trostel, Uwe"]
[Result "1-0"]
[WhiteElo "1870"]
[BlackElo "1898"]
[PlyCount "53"]
[EventDate "2017.08.07"]
[EventType "swiss"]
[EventRounds "9"]
[EventCountry "GER"]
[SourceTitle "EXT 2019"]
[Source "ChessBase"]
[SourceDate "2018.10.10"]
[SourceVersion "1"]
[SourceVersionDate "2018.10.10"]
[SourceQuality "1"]

1. e4 c6 2. d4 d5 3. exd5 cxd5 4. c4 Nf6 5. Nc3 Nc6 6. Nf3 Bg4 7. Be3 e6 8. Be2 Bb4 9. 0-0 0-0 10. Rc1 Rc8 11. a3 Be7 12. c5 a6 13. Na4 Na5 14. Nb6 Rc6 15. b4 Rxb6 16. cxb6 Nc6 17. Ne5 Bxe2 18. Nxc6 Bxd1 19. Nxd8 Bxd8 20. Rfxd1 Bxb6 21. Bf4 Nd7 22. Bc7 f5 23. a4 Rf7 24. a5 Ba7 25. Bd6 g5 26. Rc8+ Kg7 27. Ra8 1-0

[Event "Berlin-ch Seniors op 33rd"]
[Site "Berlin"]
[Date "2017.02.03"]
[Round "4"]
[White "Trostel, Uwe"]
[Black "Schrodt, Horst"]
[Result "1-0"]
[WhiteElo "1896"]
[BlackElo "1749"]
[PlyCount "51"]
[EventDate "2017.01.31"]
[EventType "swiss"]
[EventRounds "9"]
[EventCountry "GER"]
[SourceTitle "EXT 2019"]
[Source "ChessBase"]
[SourceDate "2018.10.10"]
[SourceVersion "1"]
[SourceVersionDate "2018.10.10"]
[SourceQuality "1"]

1. d4 d5 2. c4 c6 3. Nf3 Nf6 4. e3 e6 5. Nc3 Be7 6. Bd3 dxc4 7. Bxc4 0-0 8. 0-0 Nbd7 9. Qe2 Re8 10. Rd1 Qc7 11. e4 Nf8 12. Bg5 h6 13. Bh4 N6h7 14. Bg3 Bd6 15. e5 Be7 16. Rac1 b6 17. Ne4 Qd8 18. Bb3 Ng5 19. Nfxg5 Bxg5 20. Rxc6 Bb7 21. Rc3 Bxe4 22. Qxe4 Rc8 23. h4 Rxc3 24. bxc3 Be7 25. Ba4 Qa8 26. Bc6 1-0

[Event "Berlin-ch Seniors op 32nd"]
[Site "Berlin"]
[Date "2016.02.02"]
[Round "7"]
[White "Trostel, Uwe"]
[Black "Fitzke, Ulrich"]
[Result "1-0"]
[WhiteElo "1807"]
[BlackElo "1909"]
[PlyCount "95"]
[EventDate "2016.01.26"]
[EventType "swiss"]
[EventRounds "9"]
[EventCountry "GER"]
[SourceTitle "EXT 2019"]
[Source "ChessBase"]
[SourceDate "2018.10.10"]
[SourceVersion "1"]
[SourceVersionDate "2018.10.10"]
[SourceQuality "1"]

1. d4 d5 2. c4 e6 3. Nf3 Nf6 4. Bg5 Be7 5. e3 0-0 6. Nc3 c6 7. Rc1 b6 8. Bd3 Bb7 9. 0-0 Nbd7 10. Qe2 c5 11. Rfd1 cxd4 12. exd4 Rc8 13. Ne5 dxc4 14. Bxc4 h6 15. Bf4 Bb4 16. d5 Bxc3 17. Nxd7 Nxd5 18. Bxd5 Qxd7 19. Bxb7 Qxb7 20. Rxc3 Rxc3 21. bxc3 Rc8 22. Qd3 Qc6 23. Rc1 b5 24. Qd6 a5 25. Qxc6 Rxc6 26. Kf1 Rc4 27. Be3 e5 28. Ke2 f5 29. g3 g5 30. f3 Kf7 31. Kd3 Ke6 32. Rb1 e4+ 33. fxe4 fxe4+ 34. Kd2 b4 35. cxb4 axb4 36. Rc1 Kd5 37. Rxc4 Kxc4 38. Kc2 g4 39. Bxh6 Kd5 40. Kd2 Kc4 41. Bg7 Kb5 42. Ke3 Ka4 43. Kxe4 Ka3 44. Kf4 Kxa2 45. Kxg4 b3 46. h4 b2 47. Bxb2 Kxb2 48. h5 1-0

[Event "Berlin-ch Seniors op 32nd"]
[Site "Berlin"]
[Date "2016.02.01"]
[Round "6"]
[White "Badestein, Hartmut"]
[Black "Trostel, Uwe"]
[Result "1-0"]
[WhiteElo "2033"]
[BlackElo "1807"]
[PlyCount "115"]
[EventDate "2016.01.26"]
[EventType "swiss"]
[EventRounds "9"]
[EventCountry "GER"]
[SourceTitle "EXT 2019"]
[Source "ChessBase"]
[SourceDate "2018.10.10"]
[SourceVersion "1"]
[SourceVersionDate "2018.10.10"]
[SourceQuality "1"]

1. e4 c6 2. Nf3 d5 3. exd5 cxd5 4. Ne5 Nc6 5. d4 Nf6 6. c3 Bf5 7. Nd2 Qb6 8. Ndf3 e6 9. Be2 Be7 10. 0-0 h6 11. Qb3 Qxb3 12. axb3 0-0 13. h3 Rfd8 14. b4 Nxe5 15. Nxe5 Nd7 16. Nxd7 Rxd7 17. Be3 Rdd8 18. Ra3 a6 19. Rfa1 Bd6 20. Kf1 Rac8 21. R3a2 Bc2 22. b5 Bb3 23. Ra5 axb5 24. Rxb5 Ra8 25. Rxa8 Rxa8 26. Rxb3 Ra1+ 27. Bd1 Rxd1+ 28. Ke2 Rb1 29. Kf3 b6 30. Rxb6 Ba3 31. Rb3 Bd6 32. h4 Kf8 33. Ke2 Ke8 34. Kd2 Kd8 35. Rb7 Bc7 36. Kc2 Ra1 37. b3 Kc8 38. Rb5 Ra2+ 39. Kd3 Kd7 40. Rb4 Ra1 41. Ra4 Rxa4 42. bxa4 Kc6 43. c4 dxc4+ 44. Kxc4 Ba5 45. h5 Be1 46. f3 Ba5 47. Bc1 Be1 48. Ba3 g6 49. Bf8 Bd2 50. g4 gxh5 51. gxh5 Bf4 52. a5 Bd2 53. Bb4 Bf4 54. Bc5 Be3 55. a6 Bd2 56. a7 Kb7 57. d5 exd5+ 58. Kxd5 1-0

[Event "Berlin-ch Seniors op 32nd"]
[Site "Berlin"]
[Date "2016.01.27"]
[Round "2"]
[White "Grunewald, Peter"]
[Black "Trostel, Uwe"]
[Result "1/2-1/2"]
[WhiteElo "1925"]
[BlackElo "1807"]
[PlyCount "46"]
[EventDate "2016.01.26"]
[EventType "swiss"]
[EventRounds "9"]
[EventCountry "GER"]
[SourceTitle "EXT 2019"]
[Source "ChessBase"]
[SourceDate "2018.10.10"]
[SourceVersion "1"]
[SourceVersionDate "2018.10.10"]
[SourceQuality "1"]

1. c4 Nf6 2. Nc3 c6 3. d4 d5 4. e3 e6 5. Nf3 Nbd7 6. Bd3 dxc4 7. Bxc4 a6 8. 0-0 b5 9. Bd3 c5 10. b3 Bb7 11. Bb2 cxd4 12. Nxd4 Bc5 13. Nce2 0-0 14. Ng3 Rc8 15. Nf3 Qe7 16. a3 Rfe8 17. Qe2 Nb6 18. Rfd1 Nbd5 19. b4 Ba7 20. Rac1 Bb8 21. Ne4 Nxe4 22. Bxe4 f5 23. Bb1 Nf6 1/2-1/2

[Event "Berlin-ch Seniors op 31st"]
[Site "Berlin"]
[Date "2015.02.03"]
[Round "5"]
[White "Ahlberg, Guenter"]
[Black "Trostel, Uwe"]
[Result "1-0"]
[WhiteElo "1844"]
[BlackElo "1676"]
[PlyCount "51"]
[EventDate "2015.01.29"]
[EventType "swiss"]
[EventRounds "9"]
[EventCountry "GER"]
[SourceTitle "EXT 2018"]
[Source "ChessBase"]
[SourceDate "2017.10.13"]
[SourceVersion "1"]
[SourceVersionDate "2017.10.13"]
[SourceQuality "1"]

1. e4 c6 2. d4 d5 3. Nc3 dxe4 4. Nxe4 Nd7 5. Nf3 Ngf6 6. Ng3 e6 7. Bc4 c5 8. 0-0 cxd4 9. Nxd4 Nb6 10. Bb5+ Bd7 11. Qe2 Bxb5 12. Nxb5 a6 13. Rd1 Qc8 14. Nc3 Bb4 15. Be3 Nbd7 16. Nce4 Qc6 17. Bd4 Be7 18. Rd3 b5 19. Nxf6+ Bxf6 20. Nf5 0-0 21. Bxf6 exf5 22. Bc3 Rfe8 23. Qh5 Qe6 24. Rf3 Ne5 25. Re3 Qg6 26. Qe2 1-0

[Event "Berlin-ch Seniors op 30th"]
[Site "Berlin"]
[Date "2014.02.05"]
[Round "7"]
[White "Trostel, Uwe"]
[Black "Kammler, Hans Joachim"]
[Result "1-0"]
[WhiteElo "1688"]
[BlackElo "1459"]
[PlyCount "44"]
[EventDate "2014.01.30"]
[EventType "swiss"]
[EventRounds "9"]
[EventCountry "GER"]
[SourceTitle "EXT 2018"]
[Source "ChessBase"]
[SourceDate "2017.10.13"]
[SourceVersion "1"]
[SourceVersionDate "2017.10.13"]
[SourceQuality "1"]

1. d4 Nf6 2. c4 e6 3. Nf3 b6 4. Bg5 Bb7 5. e3 Be7 6. Bd3 d5 7. 0-0 Nbd7 8. Nc3 0-0 9. Qe2 Ne4 10. Bf4 a6 11. Rac1 c5 12. dxc5 Ndxc5 13. Bb1 f5 14. Rfd1 Nxc3 15. Rxc3 Qe8 16. Nd4 Bf6 17. Bd6 Ne4 18. Bxe4 dxe4 19. Bxf8 Kxf8 20. Rcc1 e5 21. Nxf5 Qg6 22. Ng3 Kg8 1-0

[Event "Berlin-ch Seniors op 30th"]
[Site "Berlin"]
[Date "2014.02.04"]
[Round "6"]
[White "Schmidt, Dietrich"]
[Black "Trostel, Uwe"]
[Result "1-0"]
[WhiteElo "1824"]
[BlackElo "1688"]
[PlyCount "145"]
[EventDate "2014.01.30"]
[EventType "swiss"]
[EventRounds "9"]
[EventCountry "GER"]
[SourceTitle "EXT 2018"]
[Source "ChessBase"]
[SourceDate "2017.10.13"]
[SourceVersion "1"]
[SourceVersionDate "2017.10.13"]
[SourceQuality "1"]

1. e4 c6 2. d4 d5 3. exd5 cxd5 4. c4 Nf6 5. Nc3 Nc6 6. Bf4 e6 7. Nf3 Bd6 8. Qd2 0-0 9. Bxd6 Qxd6 10. c5 Qe7 11. Bb5 a6 12. Ba4 Rd8 13. Bxc6 bxc6 14. Ne5 Qc7 15. Qe3 Rb8 16. b3 Nd7 17. f4 Nxe5 18. fxe5 a5 19. 0-0 Ba6 20. Rf3 Qe7 21. Rd1 Rf8 22. Rd2 Rb4 23. Na4 f5 24. exf6 Rxf6 25. Rdf2 Rxf3 26. Rxf3 e5 27. Qxe5 Qxe5 28. dxe5 Re4 29. Nb6 Rxe5 30. Rf8+ Kxf8 31. Nd7+ Ke7 32. Nxe5 Bb7 33. Kf2 Ke6 34. Nf3 h6 35. Ke3 g5 36. Kd4 g4 37. Ne5 h5 38. g3 Kf5 39. a3 Ke6 40. b4 axb4 41. axb4 Ba8 42. Nd3 Kf5 43. Nf4 h4 44. Nd3 hxg3 45. hxg3 Ke6 46. Ne5 Kf5 47. Nf7 Kg6 48. Nd6 Kf6 49. b5 cxb5 50. Nxb5 Ke7 51. Nc7 Bc6 52. Nxd5+ Ke6 53. Nf4+ Kf5 54. Nd5 Ke6 55. Nf4+ Kf5 56. Nd3 Bb7 57. Nb4 Ke6 58. c6 Bc8 59. Kc5 Ke5 60. Nd5 Ke4 61. Nf6+ Kf3 62. Nh5 Ke4 63. Kd6 Kd4 64. Kc7 Bf5 65. Kd8 Ke5 66. c7 Be6 67. c8Q Bxc8 68. Kxc8 Kf5 69. Kd7 Kg5 70. Nf4 Kf5 71. Kd6 Ke4 72. Ke6 Kf3 73. Nh5 1-0

[Event "Berlin-ch Seniors op 30th"]
[Site "Berlin"]
[Date "2014.02.01"]
[Round "3"]
[White "Trostel, Uwe"]
[Black "Schulz, Manfred"]
[Result "1/2-1/2"]
[WhiteElo "1688"]
[BlackElo "1370"]
[PlyCount "83"]
[EventDate "2014.01.30"]
[EventType "swiss"]
[EventRounds "9"]
[EventCountry "GER"]
[SourceTitle "EXT 2018"]
[Source "ChessBase"]
[SourceDate "2017.10.13"]
[SourceVersion "1"]
[SourceVersionDate "2017.10.13"]
[SourceQuality "1"]

1. d4 b6 2. c4 e6 3. Nf3 Bb7 4. Nc3 Bb4 5. e3 Nf6 6. a3 Bxc3+ 7. bxc3 d6 8. Bd3 Nbd7 9. Qe2 Ne4 10. Bxe4 Bxe4 11. 0-0 Nf6 12. Nd2 Bb7 13. e4 e5 14. Rb1 c5 15. d5 Bc8 16. f4 exf4 17. e5 Qe7 18. Nf3 0-0 19. Bxf4 Nh5 20. Qe3 Nxf4 21. Qxf4 dxe5 22. Nxe5 Qc7 23. Rbd1 Qd6 24. Nc6 Qxf4 25. Ne7+ Kh8 26. Rxf4 Bd7 27. Rdf1 f6 28. g4 Rf7 29. Nf5 Bxf5 30. Rxf5 Rd8 31. g5 Rd6 32. gxf6 Rfxf6 33. Rxf6 gxf6 34. Re1 Kg8 35. Re7 a5 36. Rc7 f5 37. Rc6 Rg6+ 38. Kf2 Kf8 39. Rc7 h5 40. h3 Ke8 41. Rh7 f4 42. Rxh5 1/2-1/2

[Event "Berlin-ch Seniors op 30th"]
[Site "Berlin"]
[Date "2014.01.31"]
[Round "2"]
[White "Petkov, Peter"]
[Black "Trostel, Uwe"]
[Result "1-0"]
[WhiteElo "1857"]
[BlackElo "1688"]
[PlyCount "51"]
[EventDate "2014.01.30"]
[EventType "swiss"]
[EventRounds "9"]
[EventCountry "GER"]
[SourceTitle "EXT 2018"]
[Source "ChessBase"]
[SourceDate "2017.10.13"]
[SourceVersion "1"]
[SourceVersionDate "2017.10.13"]
[SourceQuality "1"]

1. e4 c6 2. d4 d5 3. f3 dxe4 4. fxe4 e5 5. Nf3 exd4 6. Qxd4 Qxd4 7. Nxd4 Bc5 8. c3 Nf6 9. Bd3 0-0 10. 0-0 Nbd7 11. Bf4 Re8 12. Nd2 Ne5 13. Bxe5 Rxe5 14. Rae1 Bg4 15. h3 Bh5 16. Kh2 Bd6 17. Nc4 Bc7 18. Nxe5 Bxe5+ 19. Kh1 Rd8 20. Nf3 Bc7 21. Rd1 Bg6 22. Bc2 Nh5 23. Rxd8+ Bxd8 24. Rd1 Ng3+ 25. Kh2 Bc7 26. Rd7 1-0

[Event "Berlin-ch Seniors op 26th"]
[Site "Berlin"]
[Date "2010.02.16"]
[Round "8"]
[White "Schueler, Wolfgang"]
[Black "Trostel, Uwe"]
[Result "0-1"]
[WhiteElo "1825"]
[BlackElo "1706"]
[PlyCount "96"]
[EventDate "2010.02.09"]
[EventType "swiss"]
[EventRounds "9"]
[EventCountry "GER"]
[SourceTitle "EXT 2012"]
[Source "ChessBase"]
[SourceDate "2011.11.24"]
[SourceVersion "1"]
[SourceVersionDate "2011.11.24"]
[SourceQuality "1"]

1. e4 c6 2. d4 d5 3. exd5 cxd5 4. Nf3 Nc6 5. c3 Nf6 6. Nbd2 Qb6 7. Ne5 g6 8. Ndf3 Bg7 9. Qb3 Qxb3 10. axb3 0-0 11. Nxc6 bxc6 12. b4 Nd7 13. Bf4 f6 14. b5 Bb7 15. bxc6 Bxc6 16. Ra6 Nb6 17. Be2 Rfe8 18. Kd2 e5 19. Be3 e4 20. Ne1 Bb7 21. Ra5 Nc4+ 22. Bxc4 dxc4 23. Nc2 Red8 24. Rha1 a6 25. Nb4 Rd6 26. Bf4 Rb6 27. Bc7 Rb5 28. Bd6 Rxa5 29. Rxa5 Bh6+ 30. Kd1 Bf8 31. Bxf8 Kxf8 32. Ke2 Kf7 33. Ke3 Ke6 34. d5+ Ke5 35. Nc6+ Bxc6 36. dxc6+ Kd6 37. Kd4 Kxc6 38. Kxc4 Kb6 39. Rd5 Rc8+ 40. Kd4 f5 41. b4 Rc7 42. c4 Kc6 43. Rc5+ Kb6 44. Rxc7 Kxc7 45. Kd5 Kd7 46. Ke5 Ke7 47. h4 Kd7 48. Kf6 f4 0-1

[Event "Berlin-ch Seniors op 26th"]
[Site "Berlin"]
[Date "2010.02.10"]
[Round "2"]
[White "Klein, Klaus"]
[Black "Trostel, Uwe"]
[Result "1/2-1/2"]
[WhiteElo "1864"]
[BlackElo "1706"]
[PlyCount "42"]
[EventDate "2010.02.09"]
[EventType "swiss"]
[EventRounds "9"]
[EventCountry "GER"]
[SourceTitle "EXT 2012"]
[Source "ChessBase"]
[SourceDate "2011.11.24"]
[SourceVersion "1"]
[SourceVersionDate "2011.11.24"]
[SourceQuality "1"]

1. e4 c6 2. d4 d5 3. Nc3 dxe4 4. Nxe4 Nd7 5. Bc4 e6 6. Nf3 Ngf6 7. Nxf6+ Nxf6 8. 0-0 Be7 9. Bb3 0-0 10. Bg5 b6 11. Ne5 Bb7 12. Re1 Nd7 13. Bxe7 Qxe7 14. c3 Rac8 15. Nxd7 Qxd7 16. Qg4 Qc7 17. Re3 c5 18. dxc5 Qxc5 19. Rae1 Rfd8 20. Re5 Qf8 21. R5e2 Rc5 1/2-1/2

[Event "Brandenburg-ch Seniors 22nd"]
[Site "Berlin"]
[Date "2006.02.28"]
[Round "8"]
[White "Trostel, Uwe"]
[Black "Fleischer, Ernst"]
[Result "1-0"]
[WhiteElo "1725"]
[BlackElo "1674"]
[PlyCount "122"]
[EventDate "2006.02.20"]
[EventType "swiss"]
[EventRounds "9"]
[EventCountry "GER"]
[SourceTitle "EXT 2007"]
[Source "ChessBase"]
[SourceDate "2006.11.23"]
[SourceVersion "1"]
[SourceVersionDate "2006.11.23"]
[SourceQuality "1"]

1. d4 Nf6 2. Nf3 g6 3. c4 Bg7 4. Nc3 0-0 5. e4 d6 6. Bd3 Nc6 7. 0-0 Bg4 8. Be3 Ne8 9. Be2 e5 10. d5 Bxf3 11. Bxf3 Nd4 12. Bxd4 exd4 13. Ne2 c5 14. dxc6 bxc6 15. Nxd4 c5 16. Nb5 a6 17. Nc3 Bxc3 18. bxc3 Rb8 19. Qc2 Qc7 20. Rab1 Ng7 21. Rb3 Rxb3 22. axb3 Ne6 23. Ra1 a5 24. Ra4 Ng5 25. Be2 Rb8 26. h4 Ne6 27. g3 Qb7 28. Bd1 Nd8 29. f3 Nc6 30. Qd3 Qc7 31. Kf2 Re8 32. Ra2 Qd7 33. Kg2 Re6 34. Rd2 Qe8 35. Re2 Kg7 36. f4 Ne7 37. g4 Qc6 38. Qf3 Kg8 39. e5 Qxf3+ 40. Kxf3 d5 41. cxd5 Nxd5 42. c4 Nc3 43. Rd2 Nxd1 44. Rxd1 Rb6 45. Rd3 Kg7 46. Ke4 Rb4 47. Kd5 a4 48. bxa4 Rxa4 49. Kxc5 Kf8 50. f5 Ke7 51. Kd5 Ra5+ 52. c5 Ra8 53. Rb3 Ra4 54. Rb7+ Ke8 55. fxg6 hxg6 56. h5 gxh5 57. gxh5 Rh4 58. e6 fxe6+ 59. Kxe6 Re4+ 60. Kf6 Rh4 61. c6 Rxh5 1-0

[Event "Brandenburg-ch Seniors 22nd"]
[Site "Berlin"]
[Date "2006.02.25"]
[Round "6"]
[White "Trostel, Uwe"]
[Black "Thieme, Hans"]
[Result "0-1"]
[WhiteElo "1725"]
[BlackElo "1950"]
[PlyCount "84"]
[EventDate "2006.02.20"]
[EventType "swiss"]
[EventRounds "9"]
[EventCountry "GER"]
[SourceTitle "EXT 2007"]
[Source "ChessBase"]
[SourceDate "2006.11.23"]
[SourceVersion "1"]
[SourceVersionDate "2006.11.23"]
[SourceQuality "1"]

1. d4 Nf6 2. c4 c5 3. d5 e6 4. Nc3 exd5 5. cxd5 d6 6. e4 g6 7. f4 Bg7 8. Bb5+ Nfd7 9. Bd3 a6 10. a4 Qh4+ 11. g3 Qe7 12. Nf3 0-0 13. 0-0 Nf6 14. Qc2 Bg4 15. Bd2 Bxf3 16. Rxf3 Qc7 17. Bc4 Nbd7 18. Re1 Rab8 19. h3 Ne8 20. Kg2 Qd8 21. Qd3 Nc7 22. a5 b5 23. axb6 Rxb6 24. b3 Qc8 25. Na4 Rb8 26. Bc3 Nb5 27. Bxg7 Kxg7 28. e5 Nd4 29. Rfe3 dxe5 30. fxe5 Re8 31. Re4 Qc7 32. e6 fxe6 33. dxe6 Nf6 34. Re5 Qc6+ 35. Kf2 Rf8 36. Ke3 Ng4+ 37. hxg4 Rf3+ 38. Kd2 Rxd3+ 39. Kxd3 Nf3 40. Rxc5 Nxe1+ 41. Kc3 Qf3+ 42. Kd2 Rd8+ 0-1

[Event "Berlin-ch Seniors op 21st"]
[Site "Berlin"]
[Date "2005.02.04"]
[Round "8"]
[White "Trostel, Uwe"]
[Black "Sube, Guenter"]
[Result "1-0"]
[WhiteElo "1771"]
[BlackElo "1815"]
[PlyCount "66"]
[EventDate "2005.01.28"]
[EventType "swiss"]
[EventRounds "9"]
[EventCountry "GER"]
[SourceTitle "EXT 2007"]
[Source "ChessBase"]
[SourceDate "2006.11.23"]
[SourceVersion "1"]
[SourceVersionDate "2006.11.23"]
[SourceQuality "1"]

1. d4 Nf6 2. Nf3 e6 3. c4 b6 4. Bg5 Bb7 5. e3 Be7 6. Nbd2 0-0 7. Bd3 d6 8. 0-0 Nbd7 9. Qe2 h6 10. Bh4 c5 11. h3 e5 12. dxe5 dxe5 13. e4 Nh5 14. Bxe7 Qxe7 15. g3 Rad8 16. Rad1 Bc8 17. Rfe1 Ndf6 18. h4 Qe6 19. Nf1 Qd7 20. Ne3 Qe6 21. Nd5 Ng4 22. Kg2 Nhf6 23. Ng1 Nxd5 24. exd5 Qd6 25. f3 e4 26. Qxe4 Nf6 27. Qe5 Qd7 28. g4 Rde8 29. Qf4 Rxe1 30. Rxe1 Re8 31. Rxe8+ Qxe8 32. g5 Nh5 33. Qe4 Qxe4 1-0

[Event "Berlin-ch Seniors op 21st"]
[Site "Berlin"]
[Date "2005.02.02"]
[Round "6"]
[White "Schulz, Manfred"]
[Black "Trostel, Uwe"]
[Result "0-1"]
[WhiteElo "1573"]
[BlackElo "1771"]
[PlyCount "70"]
[EventDate "2005.01.28"]
[EventType "swiss"]
[EventRounds "9"]
[EventCountry "GER"]
[SourceTitle "EXT 2007"]
[Source "ChessBase"]
[SourceDate "2006.11.23"]
[SourceVersion "1"]
[SourceVersionDate "2006.11.23"]
[SourceQuality "1"]

1. d4 d5 2. Nf3 Nf6 3. e3 Bf5 4. c4 c6 5. Nc3 e6 6. Qb3 b6 7. Be2 Bd6 8. 0-0 0-0 9. Bd2 Nbd7 10. Rfd1 Rc8 11. Be1 Qe7 12. Bd3 Bxd3 13. Rxd3 e5 14. dxe5 Nxe5 15. Nxe5 Qxe5 16. f4 Qf5 17. Rd2 Bc5 18. Bf2 Rfe8 19. Re1 Ng4 20. Nd1 Qxf4 21. g3 Qh6 22. h4 d4 23. Rd3 Nxf2 24. Kxf2 dxe3+ 25. Nxe3 Re6 26. Kg2 Rce8 27. Ng4 Qg6 28. Rxe6 Qxe6 29. Qd1 h5 30. Nh2 Qe2+ 31. Kh3 Qxd1 32. Rxd1 Re2 33. Rd7 a5 34. Rc7 Rxb2 35. g4 Rxh2+ 0-1

[Event "Berlin-ch Seniors op 21st"]
[Site "Berlin"]
[Date "2005.01.28"]
[Round "1"]
[White "Trostel, Uwe"]
[Black "Mellenthin, Horst"]
[Result "1/2-1/2"]
[WhiteElo "1771"]
[BlackElo "1797"]
[PlyCount "44"]
[EventDate "2005.01.28"]
[EventType "swiss"]
[EventRounds "9"]
[EventCountry "GER"]
[SourceTitle "EXT 2007"]
[Source "ChessBase"]
[SourceDate "2006.11.23"]
[SourceVersion "1"]
[SourceVersionDate "2006.11.23"]
[SourceQuality "1"]

1. d4 Nf6 2. c4 e6 3. Nf3 Bb4+ 4. Bd2 Qe7 5. e3 0-0 6. Bd3 d5 7. 0-0 Bxd2 8. Nbxd2 Nbd7 9. e4 dxe4 10. Nxe4 Nxe4 11. Bxe4 Nf6 12. Bd3 b6 13. Qe2 Qd6 14. Rfd1 Bb7 15. Ne5 g6 16. Rac1 c5 17. dxc5 Qxc5 18. a3 a5 19. b4 axb4 20. axb4 Qxb4 21. Rb1 Qc5 22. Rb5 Qc7 1/2-1/2